Pedro Henríquez Ureña: homenaje con motivo del centenario de su nacimiento

Saved in:
書目詳細資料
格式: 圖書
語言:西班牙语
出版: Caracas La Casa de Bello 1985
主題:
標簽: 添加標簽
沒有標簽, 成為第一個標記此記錄!

MARC

LEADER 00000nam a2200000 a 4500
001 UCQ6949
003 CL-VaPUC
008 981023e19850000VE |||||||||||||||||spa|d
082 0 4 |a Rd864.09  |b PED  |2 21 
245 1 0 |a Pedro Henríquez Ureña: homenaje con motivo del centenario de su nacimiento 
300 |a 67 p 
942 |c BK 
945 |d 19981023 00:00:00  |a crobeson 
260 |a Caracas  |b La Casa de Bello  |c 1985 
600 0 7 |a HENRIQUEZ UREÑA, PEDRO  |2 CL-VaPUC  |9 420862 
650 7 |a ENSAYO DOMINICANO  |2 CL-VaPUC  |9 420863 
650 0 |a Literatura dominicana  |9 378721 
650 0 |a Homenajes  |9 258192 
583 |a last modification  |c 19981023 00:00:00  |k Rodrigo Vera 
999 |c 276844  |d 276842 
952 |0 0  |1 0  |4 0  |6 RD_864_090000000000000_PED_1985  |7 0  |8 A  |9 314334  |a BIBEDU  |b BIBEDU  |d 2019-11-20  |i 1486640  |o Rd864.09 PED 1985  |p 1486640  |r 2019-11-20  |w 2019-11-20  |y BK  |k LIT